Mapping an Invasive Species, Paper Mulberry, and Its Impact on Health: A Case Study of Islamabad / (Record no. 535372)
[ view plain ]
| 000 -LEADER | |
|---|---|
| fixed length control field | 00537nam a22001577a 4500 |
| 020 ## - INTERNATIONAL STANDARD BOOK NUMBER | |
| Qualifying information | Hard Cover. |
| 082 ## - DEWEY DECIMAL CLASSIFICATION NUMBER | |
| Classification number | 621.3678 |
| 100 ## - MAIN ENTRY--PERSONAL NAME | |
| Personal name | Qazi,Sana |
| 245 ## - TITLE STATEMENT | |
| Title | Mapping an Invasive Species, Paper Mulberry, and Its Impact on Health: A Case Study of Islamabad / |
| Statement of responsibility, etc. | Sana Qazi. |
| 260 ## - PUBLICATION, DISTRIBUTION, ETC. | |
| Place of publication, distribution, etc. | Islamabad : |
| Name of publisher, distributor, etc. | IGIS - NUST, |
| Date of publication, distribution, etc. | 2015. |
| 300 ## - PHYSICAL DESCRIPTION | |
| Extent | xiv, 71 p. : ill. ; |
| Dimensions | 30cm. |
| 650 ## - SUBJECT ADDED ENTRY--TOPICAL TERM | |
| Topical term or geographic name entry element | Remote Sensing and GIS MS-Thesis |
| 700 ## - ADDED ENTRY--PERSONAL NAME | |
| Personal name | Dr. Javed Iqbal. |
| 942 ## - ADDED ENTRY ELEMENTS (KOHA) | |
| Source of classification or shelving scheme | |
| Koha item type | Thesis |
| 650 ## - SUBJECT ADDED ENTRY--TOPICAL TERM | |
| -- | 16703 |
| 700 ## - ADDED ENTRY--PERSONAL NAME | |
| -- | 25404 |
| Withdrawn status | Lost status | Source of classification or shelving scheme | Damaged status | Not for loan | Permanent Location | Current Location | Shelving location | Date acquired | Total Checkouts | Full call number | Barcode | Date last seen | Price effective from | Koha item type |
|---|---|---|---|---|---|---|---|---|---|---|---|---|---|---|
| Central Library (CL) | Central Library (CL) | Thesis | 09/04/2020 | 621.3678 | CL-T-5849 | 09/04/2020 | 09/04/2020 | Thesis | ||||||
| Central Library (CL) | Central Library (CL) | Thesis | 09/22/2020 | 621.3678 | CL-T-5875 | 09/22/2020 | 09/22/2020 | Thesis |
